| 000 | 00329nam a2200133Ia 4500 | ||
|---|---|---|---|
| 008 | 220120s9999||||xx |||||||||||||| ||und|| | ||
| 020 | _a9788131710265 | ||
| 100 | _aBhasker, J | ||
| 245 | 0 | _aVHDL primer | |
| 250 | _a3rd | ||
| 260 |
_aPrentice hall of india _bNoida _c2006 |
||
| 300 |
_axii;547 _b455 |
||
| 650 | _aCOMPUTER SCIENCE | ||
| 999 |
_c132451 _d132451 |
||